000 00288nam a22001217a 4500
008 181221b xxu||||| |||| 00| 0 eng d
041 _aeng
080 _a616.8
100 _a7
101 _aNEU
245 _aMinimally Invasive Techniques in Neurosurgery
_cCohen,A.R
942 _2udc
_cBK
999 _c53649
_d53649